Band Members by Instrument - Grunge / Early 90s Alt Edition - Statistics

General Stats
  • This quiz has been taken 348 times
  • The average score is 19 of 46
Answer Stats
Band Instrument or Role Answer % Correct
Nirvana (1990-1994) Vocals, Guitar Kurt Cobain
99%
Nirvana (1990-1994) Drums Dave Grohl
98%
Pearl Jam (1990-1994) Vocals Eddie Vedder
90%
Soundgarden (1990-1997) Vocals, Rhythm Guitar Chris Cornell
83%
Red Hot Chili Peppers (1988-1992; 1998-2009) Bass Flea
83%
Hole (1990-1994) Vocals, Rhythm Guitar Courtney Love
81%
Nirvana (1990-1994) Bass Krist Novoselic
77%
Radiohead (1985-present) Vocals, Rhythm Guitar Thom Yorke
75%
Red Hot Chili Peppers (1988-1992; 1998-2009) Vocals Anthony Kiedis
74%
Alice In Chains (1987-2002) Vocals Layne Staley
73%
Smashing Pumpkins (1988-1996) Vocals, Guitar Billy Corgan
71%
Red Hot Chili Peppers (1988-1992; 1998-2009) Guitar John Frusciante
59%
Red Hot Chili Peppers (1988-1992; 1998-2009) Drums Chad Smith
58%
Alice In Chains (1987-2002) Guitar, Vocals Jerry Cantrell
56%
Stone Temple Pilots (1989-2002) Vocals Scott Weiland
50%
Pearl Jam (1990-1994) Rhythm Guitar Stone Gossard
50%
Pearl Jam (1990-1994) Lead Guitar Mike McCready
46%
Soundgarden (1990-1997) Lead Guitar Kim Thayil
42%
Soundgarden (1990-1997) Drums Matt Cameron
42%
Alice In Chains (1987-2002) Bass Mike Starr / Mike Inez
41%
Blind Melon (1990-1995) Bass Brad Smith
40%
Pearl Jam (1990-1994) Bass Jeff Ament
40%
Radiohead (1985-present) Lead Guitar Jonny Greenwood
39%
Radiohead (1985-present) Bass Colin Greenwood
36%
Smashing Pumpkins (1988-1996) Guitar James Iha
31%
Sonic Youth (1985-1999) Vocals, Bass Kim Gordon
31%
Blind Melon (1990-1995) Vocals Shannon Hoon
30%
Alice In Chains (1987-2002) Drums Sean Kinney
29%
Smashing Pumpkins (1988-1996) Bass D'arcy Wretzky
27%
Pearl Jam (1990-1994) Drums Dave Krusen / Dave Abbruzzese
27%
Soundgarden (1990-1997) Bass Ben Shepherd
26%
Smashing Pumpkins (1988-1996) Drums Jimmy Chamberlin
26%
Sonic Youth (1985-1999) Vocals, Guitar Thurston Moore
26%
Stone Temple Pilots (1989-2002) Guitar Dean DeLeo
22%
Radiohead (1985-present) Rhythm Guitar Ed O'Brien
22%
Stone Temple Pilots (1989-2002) Bass Robert DeLeo
22%
Radiohead (1985-present) Drums Philip Selway
21%
Sonic Youth (1985-1999) Guitar, Vocals Lee Ranaldo
13%
Stone Temple Pilots (1989-2002) Drums Eric Kretz
12%
Sonic Youth (1985-1999) Drums Steve Shelley
11%
Hole (1990-1994) Bass Jill Emery / Kristen Pfaff
10%
Hole (1990-1994) Lead Guitar Eric Erlandson
8%
Hole (1990-1994) Drums Caroline Rue / Patty Schemel
5%
Blind Melon (1990-1995) Rhythm Guitar Christopher Thorn
4%
Blind Melon (1990-1995) Drums Glen Graham
3%
Blind Melon (1990-1995) Lead Guitar Roger Stevens
3%
No matching quizzes found
Score Distribution
Percent of People with Each Score
Percentile by Number Answered
Your Score History
You have not taken this quiz